[Event "Bouhjar BICA Blitz op 04"]
[Site "Bouhjar"]
[Date "2021.04.04"]
[Round "7"]
[White "Cheikh Mhamed, Kamel"]
[Black "Ahmed, Nizar"]
[Result "1-0"]
[WhiteElo "2123"]
[BlackElo "1353"]
[PlyCount "45"]
[EventDate "2021.04.04"]
[EventType "swiss (blitz)"]
[EventRounds "9"]
[EventCountry "TUN"]
[SourceTitle "CBM 201 Extra"]
[Source "ChessBase"]
[SourceDate "2021.05.31"]
[SourceVersion "1"]
[SourceVersionDate "2021.05.31"]
[SourceQuality "1"]

1. e4 c5 2. d4 cxd4 3. c3 dxc3 4. Nxc3 Nc6 5. Nf3 e5 6. Bc4 d6 7. 0-0 h6 8. Qb3 Be6 9. Bxe6 fxe6 10. Qxe6+ Qe7 11. Qb3 Rb8 12. Nd5 Qd7 13. Nh4 Be7 14. Ng6 Kd8 15. Nxh8 Nf6 16. Nxf6 Bxf6 17. Be3 Qe8 18. Nf7+ Kc7 19. Rac1 Kd7 20. Rfd1 Be7 21. Bxa7 Nxa7 22. Nxe5+ Kd8 23. Qb6# 1-0

[Event "Bouhjar BICA Blitz op 03"]
[Site "Bouhjar"]
[Date "2021.03.28"]
[Round "1"]
[White "Zarrouk, Zaid"]
[Black "Cheikh Mhamed, Kamel"]
[Result "0-1"]
[WhiteElo "1073"]
[BlackElo "2123"]
[PlyCount "45"]
[EventDate "2021.03.28"]
[EventType "swiss (blitz)"]
[EventRounds "9"]
[EventCountry "TUN"]
[SourceTitle "CBM 202 Extra"]
[Source "ChessBase"]
[SourceDate "2021.07.31"]
[SourceVersion "1"]
[SourceVersionDate "2021.07.31"]
[SourceQuality "1"]

1. e4 d6 2. d4 Nf6 3. Nc3 c6 4. Be3 Nbd7 5. Nf3 e5 6. dxe5 dxe5 7. Be2 Bb4 8. Qd2 Nxe4 9. Qd3 Nxc3 10. bxc3 Be7 11. 0-0 0-0 12. a4 Qc7 13. Bg5 Nc5 14. Qc4 Be6 15. Qh4 Bxg5 16. Qxg5 f6 17. Qh4 Rad8 18. Qb4 b6 19. a5 Nb7 20. c4 Nxa5 21. c5 f5 22. Rfb1 e4 23. Ng5 0-1

[Event "Arab-ch League 4th"]
[Site "Doha"]
[Date "2002.03.06"]
[Round "5"]
[White "Al Bahadly, Amjad Ali Mohammed"]
[Black "Cheikh Mhamed, Kamel"]
[Result "1/2-1/2"]
[WhiteElo "2272"]
[BlackElo "2103"]
[PlyCount "82"]
[EventDate "2002.03.02"]
[EventType "team"]
[EventRounds "11"]
[EventCountry "QAT"]
[SourceTitle "CBM 087 Extra"]
[Source "ChessBase"]
[SourceDate "2002.05.03"]
[SourceVersion "2"]
[SourceVersionDate "2002.08.09"]
[SourceQuality "1"]

1. d4 e6 2. Nf3 b6 3. e4 Bb7 4. Bd3 c5 5. c3 Qc7 6. 0-0 d6 7. Nbd2 Nd7 8. Qe2 Rd8 9. Re1 Ngf6 10. e5 Nd5 11. Nc4 cxd4 12. exd6 Bxd6 13. Nxd6+ Qxd6 14. Nxd4 0-0 15. Qe4 N7f6 16. Qh4 Ne7 17. Qg3 Qxg3 18. hxg3 Ned5 19. Bf1 h6 20. Bd2 Nc7 21. Rad1 Ba6 22. Nc6 Rd6 23. Ne7+ Kh8 24. Bf4 Rxd1 25. Rxd1 Bxf1 26. Kxf1 Ncd5 27. Nxd5 Nxd5 28. c4 Nxf4 29. gxf4 Rc8 30. b3 Rc7 31. Ke2 Kg8 32. Rd8+ Kh7 33. Kd3 Kg6 34. b4 Kf6 35. Re8 g5 36. fxg5+ hxg5 37. Kd4 Rd7+ 38. Kc3 Rc7 39. Kd4 Rd7+ 40. Kc3 Rc7 41. Kd4 Rd7+ 1/2-1/2